000 00737cad a22001935a 4500
001 L153811
008 110906s2011 xxk f 000 0 eng d
035 _a(Sirsi) u153811
041 0 _aeng
100 1 _aRatcliffe, John
245 0 0 _aJust imagine!
_bRICS strategic foresight 2030
_h[electronic resource]
260 _aLondon
_bRICS
_c2011
520 _aMakes recommedations as to how RICS can achieve its goals and manage the transitional phase from a UK-based to a global organisation in the next few years.
590 _aKA
651 4 _aInternational
690 _aABOUT RICS
856 4 0 _uhttps://www.rics.org/site/download_feed.aspx?fileID=10070&fileExtension=PDF
_zView the item free of charge at www.rics.org
942 _n0
999 _c112713
_d112713